Adjustment and growth in Sub-Saharan Africa

Salvato in:
Dettagli Bibliografici
Autore principale: Calamitsis, Evangelos A.
Altri autori: Basu, Anupam, Ghura, Dhaneshwar
Natura: Libro
Lingua:inglese
Pubblicazione: Washington International Monetary Fund 1999
Serie:IMF working paper WP/99/51
Soggetti:
Tags: Aggiungi Tag
Nessun Tag, puoi essere il primo ad aggiungerne!!

MARC

LEADER 00000nam a2200000 4500
001 c116235
005 20221221081509.8
041 0 |a eng 
044 |a US 
245 1 0 |a Adjustment and growth in Sub-Saharan Africa  |c Prepared by Evangelos A. Calamitsis, Anupam Basu, and Dhaneshwar Ghura 
264 1 |a Washington  |b International Monetary Fund  |c 1999 
300 |a 35 s. 
490 1 |a IMF working paper  |v WP/99/51 
830 0 |a IMF working paper  |v WP/99/51 
610 2 0 |a rast hospodársky 
610 2 0 |a adaptácia 
610 2 0 |a produkt domáci hrubý 
610 2 0 |a Afrika 
610 2 0 |a Subsahara 
100 1 |a Calamitsis, Evangelos A. 
700 1 |a Basu, Anupam 
700 1 |a Ghura, Dhaneshwar